[Event "PMPJ 2022 - C17"]
[Site "Jastrzebia Gora"]
[Date "2022.11.06"]
[Round "1.3"]
[White "Mocko, Maciej"]
[Black "Skrzypczynski, Kacper"]
[Result "1-0"]
[BlackElo "1894"]
[WhiteElo "1572"]
[LiveChessVersion "1.4.8"]

1. e4 {[%clk 1:30:55]} d6 {[%clk 1:30:54]} 2. d4 {[%clk 1:31:16]} Nf6
{[%clk 1:31:18]} 3. Nc3 {[%clk 1:31:40]} Nbd7 {[%clk 1:31:38]} 4. f4
{[%clk 1:32:06]} e5 {[%clk 1:32:00]} 5. Nf3 {[%clk 1:32:26]} exd4
{[%clk 1:31:41]} 6. Qxd4 {[%clk 1:32:06]} c6 {[%clk 1:31:42]} 7. Bd3
{[%clk 1:31:10]} d5 {[%clk 1:31:05]} 8. e5 {[%clk 1:20:57]} Bc5 {[%clk 1:31:18]}
9. Qa4 {[%clk 1:21:17]} Ng4 {[%clk 1:26:58]} 10. h3 {[%clk 1:16:35]} b5
{[%clk 1:23:42]} 11. Qb3 {[%clk 1:15:22]} Nf2 {[%clk 1:22:51]} 12. Rf1
{[%clk 1:15:40]} Qb6 {[%clk 1:14:40]} 13. a4 {[%clk 1:07:09]} Nxd3+
{[%clk 0:52:25]} 14. cxd3 {[%clk 1:07:38]} Be3 {[%clk 0:50:20]} 15. Ke2
{[%clk 0:52:44]} Bxc1 {[%clk 0:50:42]} 16. Raxc1 {[%clk 0:53:14]} a6
{[%clk 0:46:37]} 17. d4 {[%clk 0:50:55]} b4 {[%clk 0:46:52]} 18. Nd1
{[%clk 0:39:52]} a5 {[%clk 0:47:12]} 19. Kf2 {[%clk 0:39:02]} Ba6
{[%clk 0:46:16]} 20. Re1 {[%clk 0:38:38]} O-O {[%clk 0:45:11]} 21. Ne3
{[%clk 0:36:51]} Rac8 {[%clk 0:44:42]} 22. Qc2 {[%clk 0:34:30]} Bb7
{[%clk 0:36:29]} 23. Nf5 {[%clk 0:29:20]} Kh8 {[%clk 0:33:09]} 24. Ng5
{[%clk 0:24:19]} g6 {[%clk 0:32:39]} 25. Rcd1 {[%clk 0:21:05]} f6
{[%clk 0:30:29]} 26. exf6 {[%clk 0:16:55]} gxf5 {[%clk 0:24:41]} 27. f7
{[%clk 0:14:33]} Nf6 {[%clk 0:16:26]} 28. Qxf5 {[%clk 0:13:05]} Kg7
{[%clk 0:16:34]} 29. Re6 {[%clk 0:13:15]} Rxf7 {[%clk 0:16:55]} 30. Nxf7
{[%clk 0:13:00]} Ne4+ {[%clk 0:17:04]} 31. Kg1 {[%clk 0:12:46]} 1-0

[Event "PMPJ 2022 - C17"]
[Site "Jastrzebia Gora"]
[Date "2022.11.06"]
[Round "1.4"]
[White "Kulig, Pawel"]
[Black "Choina, Jan"]
[Result "1-0"]
[BlackElo "1554"]
[WhiteElo "1887"]
[LiveChessVersion "1.4.8"]

1. d4 {[%clk 1:30:57]} Nf6 {[%clk 1:30:49]} 2. c4 {[%clk 1:31:22]} c5
{[%clk 1:30:58]} 3. d5 {[%clk 1:31:47]} b5 {[%clk 1:31:16]} 4. cxb5
{[%clk 1:32:11]} a6 {[%clk 1:31:37]} 5. b6 {[%clk 1:32:22]} d6 {[%clk 1:31:33]}
6. Nc3 {[%clk 1:32:46]} Nbd7 {[%clk 1:30:55]} 7. e4 {[%clk 1:32:27]} g6
{[%clk 1:28:15]} 8. Nf3 {[%clk 1:32:25]} Bg7 {[%clk 1:26:42]} 9. Bd3
{[%clk 1:32:25]} Qxb6 {[%clk 1:26:04]} 10. O-O {[%clk 1:32:07]} O-O
{[%clk 1:25:33]} 11. h3 {[%clk 1:31:06]} Bb7 {[%clk 1:18:49]} 12. Qc2
{[%clk 1:24:10]} e6 {[%clk 1:13:28]} 13. Bc4 {[%clk 1:22:49]} exd5
{[%clk 1:09:43]} 14. exd5 {[%clk 1:19:41]} Qc7 {[%clk 0:59:06]} 15. Qd3
{[%clk 1:10:13]} Nb6 {[%clk 0:56:08]} 16. Bf4 {[%clk 1:05:55]} Nxc4
{[%clk 0:48:01]} 17. Qxc4 {[%clk 1:06:17]} Rfd8 {[%clk 0:43:01]} 18. Rfd1
{[%clk 1:02:21]} Rab8 {[%clk 0:36:40]} 19. b4 {[%clk 1:00:18]} Rbc8
{[%clk 0:34:49]} 20. b5 Nxd5 {[%clk 0:25:07]} 21. Nxd5 {[%clk 0:57:59]} Bxd5
{[%clk 0:23:45]} 22. Qxd5 {[%clk 0:58:02]} Bxa1 {[%clk 0:23:59]} 23. Rxa1
{[%clk 0:56:26]} axb5 {[%clk 0:24:11]} 24. Rd1 {[%clk 0:49:33]} Qc6
{[%clk 0:20:21]} 25. Qg5 {[%clk 0:47:51]} d5 {[%clk 0:14:37]} 26. Ne5
{[%clk 0:45:44]} Qe6 {[%clk 0:14:50]} 27. Ng4 {[%clk 0:44:08]} f5 28. Nh6+
{[%clk 0:42:19]} Kf8 {[%clk 0:11:49]} 29. Bd2 {[%clk 0:40:42]} Rd7
{[%clk 0:09:57]} 30. Re1 {[%clk 0:40:16]} Qc6 {[%clk 0:07:49]} 31. g4
{[%clk 0:37:23]} Rg7 {[%clk 0:06:55]} 32. Bf4 {[%clk 0:35:26]} Re8
{[%clk 0:02:08]} 33. Be5 {[%clk 0:35:18]} Rge7 {[%clk 0:02:10]} 34. Qf4
{[%clk 0:31:56]} Qd7 {[%clk 0:00:37]} 35. gxf5 {[%clk 0:30:53]} gxf5
{[%clk 0:01:05]} 36. Bd6 {[%clk 0:30:04]} Qc6 {[%clk 0:00:33]} 37. Qg5
{[%clk 0:29:01]} 1-0

[Event "PMPJ 2022 - C17"]
[Site "Jastrzebia Gora"]
[Date "2022.11.06"]
[Round "1.5"]
[White "Dysko, Michal"]
[Black "Melerowicz, Dominik"]
[Result "1/2-1/2"]
[BlackElo "1850"]
[WhiteElo "1554"]
[LiveChessVersion "1.4.8"]

1. e4 c5 2. Nf3 d6 3. d4 cxd4 4. Nxd4 Nf6 5. Nc3 a6 6. g3 e5 7. Nb3 Be7 8. Bg2
O-O 9. O-O Be6 10. a4 Nbd7 11. Re1 Qc7 12. Nd2 Rac8 13. Nf1 Rfd8 14. Ne3 Nb6 15.
a5 Nc4 16. Ned5 Bxd5 17. Nxd5 Nxd5 18. Qxd5 b5 19. axb6 Nxb6 20. Qb3 Nd7 21. c3
Rb8 22. Qc2 a5 23. Be3 Nc5 24. Bxc5 dxc5 25. Bf1 Bg5 26. Red1 Rxd1 27. Rxd1 Qb6
28. h4 Bf6 29. Rd2 g6 30. Bc4 Rb7 31. Qa4 Kg7 32. Bd5 1/2-1/2

[Event "PMPJ 2022 - C17"]
[Site "Jastrzebia Gora"]
[Date "2022.11.06"]
[Round "1.6"]
[White "Ullrich, Karol"]
[Black "Bekier, Piotr"]
[Result "1-0"]
[BlackElo "1548"]
[WhiteElo "1848"]
[LiveChessVersion "1.4.8"]

1. e4 {[%clk 1:30:57]} d6 {[%clk 1:30:54]} 2. d4 {[%clk 1:30:57]} Nf6
{[%clk 1:31:10]} 3. Nc3 {[%clk 1:30:49]} g6 {[%clk 1:31:29]} 4. g3
{[%clk 1:29:27]} Bg7 {[%clk 1:31:40]} 5. Bg2 {[%clk 1:29:24]} O-O
{[%clk 1:31:59]} 6. Nge2 {[%clk 1:29:20]} c5 {[%clk 1:31:49]} 7. O-O
{[%clk 1:27:25]} e6 {[%clk 1:28:54]} 8. h3 {[%clk 1:18:15]} Nc6 {[%clk 1:25:53]}
9. Be3 {[%clk 1:06:12]} cxd4 {[%clk 1:24:26]} 10. Nxd4 {[%clk 1:06:19]} a6
{[%clk 1:24:51]} 11. Nxc6 {[%clk 1:02:59]} bxc6 {[%clk 1:25:15]} 12. e5
{[%clk 1:01:12]} Nd5 {[%clk 1:25:05]} 13. exd6 {[%clk 1:00:16]} Qxd6
{[%clk 1:21:23]} 14. Na4 {[%clk 0:52:17]} Qb4 {[%clk 1:00:15]} 15. c3
{[%clk 0:43:32]} Nxe3 {[%clk 1:00:32]} 16. cxb4 {[%clk 0:38:33]} Nxd1
{[%clk 1:00:54]} 17. Rfxd1 {[%clk 0:31:26]} Rb8 {[%clk 0:56:13]} 18. a3
{[%clk 0:31:25]} Bb7 {[%clk 0:55:53]} 19. Nc5 {[%clk 0:29:51]} Rfe8
{[%clk 0:54:36]} 20. Nxb7 {[%clk 0:29:10]} Rxb7 {[%clk 0:53:38]} 21. Bxc6
{[%clk 0:29:27]} Rbb8 {[%clk 0:53:32]} 22. Bxe8 {[%clk 0:29:45]} Rxe8
{[%clk 0:53:59]} 23. Rab1 {[%clk 0:29:08]} Ra8 {[%clk 0:53:43]} 24. Rd6
{[%clk 0:29:13]} Be5 {[%clk 0:53:59]} 25. Rc6 {[%clk 0:28:18]} Kg7
{[%clk 0:54:06]} 26. b3 {[%clk 0:27:59]} Kf6 {[%clk 0:54:18]} 27. Rd1
{[%clk 0:27:50]} Bb2 {[%clk 0:54:32]} 28. a4 {[%clk 0:28:13]} Ba3
{[%clk 0:54:58]} 29. Rb6 {[%clk 0:28:20]} Ra7 {[%clk 0:54:32]} 30. b5
{[%clk 0:28:04]} axb5 {[%clk 0:53:22]} 31. Rxb5 {[%clk 0:28:27]} Ke7
{[%clk 0:53:15]} 32. a5 {[%clk 0:28:40]} Bd6 {[%clk 0:51:49]} 33. b4
{[%clk 0:28:52]} Bc7 {[%clk 0:50:43]} 34. a6 1-0

[Event "PMPJ 2022 - C17"]
[Site "Jastrzebia Gora"]
[Date "2022.11.06"]
[Round "1.7"]
[White "Czarniecki, Pawel"]
[Black "Kietrys, Maciej"]
[Result "1-0"]
[BlackElo "1847"]
[WhiteElo "1524"]
[LiveChessVersion "1.4.8"]

1. e4 {[%clk 1:30:58]} e5 {[%clk 1:30:49]} 2. Nc3 {[%clk 1:31:22]} Nf6
{[%clk 1:30:38]} 3. f4 {[%clk 1:31:48]} d5 {[%clk 1:30:03]} 4. fxe5
{[%clk 1:32:13]} Nxe4 {[%clk 1:30:23]} 5. Qf3 {[%clk 1:32:38]} Nxc3
{[%clk 1:26:18]} 6. bxc3 {[%clk 1:33:01]} Be7 {[%clk 1:22:16]} 7. d4
{[%clk 1:33:21]} O-O {[%clk 1:01:24]} 8. Bd3 {[%clk 1:25:03]} f6 {[%clk 0:52:08]}
9. Qh5 {[%clk 1:13:31]} f5 {[%clk 0:44:56]} 10. Nh3 {[%clk 1:08:28]} g6
{[%clk 0:26:03]} 11. Qh6 {[%clk 1:01:28]} Rf7 {[%clk 0:22:48]} 12. Ng5
{[%clk 1:00:01]} Bxg5 {[%clk 0:20:29]} 13. Bxg5 {[%clk 0:59:46]} Qe8
{[%clk 0:20:20]} 14. O-O {[%clk 0:58:33]} Be6 {[%clk 0:20:24]} 15. Rab1
{[%clk 0:58:09]} b6 {[%clk 0:20:40]} 16. g4 {[%clk 0:55:11]} Qd7 {[%clk 0:11:19]}
17. gxf5 {[%clk 0:52:31]} Bxf5 {[%clk 0:11:46]} 18. Bxf5 {[%clk 0:45:13]} Rxf5
{[%clk 0:12:05]} 19. Rxf5 {[%clk 0:44:46]} Qxf5 {[%clk 0:12:25]} 20. Bf6
{[%clk 0:43:24]} Qg4+ {[%clk 0:12:45]} 21. Kf2 {[%clk 0:43:48]} Qf5+
{[%clk 0:12:52]} 22. Kg3 {[%clk 0:42:06]} Qd7 {[%clk 0:12:11]} 23. Kh4
{[%clk 0:37:35]} Qf7 {[%clk 0:11:19]} 24. Rf1 {[%clk 0:36:34]} Nd7
{[%clk 0:09:56]} 25. e6 {[%clk 0:35:16]} Qf8 {[%clk 0:06:35]} 26. Qg5
{[%clk 0:34:24]} Nxf6 {[%clk 0:06:10]} 27. Rxf6 {[%clk 0:34:47]} Qd6
{[%clk 0:06:29]} 28. Kh3 {[%clk 0:33:35]} Kh8 {[%clk 0:04:18]} 29. Kg2
{[%clk 0:30:21]} c6 {[%clk 0:03:04]} 30. Qh6 {[%clk 0:29:52]} Qd8
{[%clk 0:02:26]} 31. Rf7 {[%clk 0:29:20]} Qg8 {[%clk 0:02:53]} 32. Qg5
{[%clk 0:29:39]} 1-0

[Event "PMPJ 2022 - C17"]
[Site "Jastrzebia Gora"]
[Date "2022.11.06"]
[Round "1.8"]
[White "Kozlowski, Franciszek"]
[Black "Szafranski, Maciej"]
[Result "1-0"]
[BlackElo "1511"]
[WhiteElo "1842"]
[LiveChessVersion "1.4.8"]

1. d4 {[%clk 1:30:32]} d5 {[%clk 1:30:46]} 2. c4 {[%clk 1:30:26]} e6
{[%clk 1:30:35]} 3. g3 {[%clk 1:29:31]} Nf6 {[%clk 1:29:09]} 4. Nf3
{[%clk 1:29:27]} Be7 {[%clk 1:27:00]} 5. Bg2 {[%clk 1:28:57]} O-O
{[%clk 1:26:10]} 6. O-O {[%clk 1:29:09]} c5 {[%clk 1:21:28]} 7. cxd5
{[%clk 1:28:12]} Nxd5 {[%clk 1:17:52]} 8. dxc5 {[%clk 1:23:22]} Bxc5
{[%clk 1:15:36]} 9. Qc2 {[%clk 1:15:42]} Be7 {[%clk 1:11:13]} 10. Rd1
{[%clk 1:13:43]} Qc7 {[%clk 1:04:11]} 11. Qxc7 {[%clk 1:12:41]} Nxc7
{[%clk 1:04:37]} 12. Nc3 {[%clk 1:11:00]} Nc6 {[%clk 0:58:10]} 13. Bf4
{[%clk 1:10:38]} Ne8 {[%clk 0:52:56]} 14. Ne5 {[%clk 1:01:22]} Nxe5
{[%clk 0:40:32]} 15. Bxe5 {[%clk 1:01:51]} Bf6 {[%clk 0:35:46]} 16. Bxf6
{[%clk 1:01:25]} Nxf6 {[%clk 0:36:11]} 17. Ne4 {[%clk 0:56:39]} Nxe4
{[%clk 0:33:23]} 18. Bxe4 {[%clk 0:57:03]} Rb8 {[%clk 0:33:43]} 19. Rac1
{[%clk 0:56:24]} g6 {[%clk 0:23:34]} 20. Rc7 {[%clk 0:55:52]} a5 {[%clk 0:20:50]}
21. Rd6 {[%clk 0:54:11]} b6 {[%clk 0:18:24]} 22. Ra7 {[%clk 0:54:18]} Kg7
{[%clk 0:18:37]} 23. Bd3 {[%clk 0:50:49]} Re8 {[%clk 0:11:37]} 24. Bb5
{[%clk 0:51:10]} Rf8 {[%clk 0:11:53]} 25. f4 {[%clk 0:49:28]} h5 {[%clk 0:11:03]}
26. Rc6 {[%clk 0:49:00]} Bb7 {[%clk 0:07:29]} 27. Rxb6 {[%clk 0:48:38]} Bd5
{[%clk 0:07:55]} 28. Rxb8 {[%clk 0:48:35]} Rxb8 {[%clk 0:08:21]} 29. a4
{[%clk 0:48:58]} Rc8 {[%clk 0:08:31]} 30. Rxa5 {[%clk 0:47:39]} Rc2
{[%clk 0:08:06]} 31. b4 {[%clk 0:43:51]} Rb2 {[%clk 0:08:29]} 32. Ra7
{[%clk 0:42:51]} Rxb4 {[%clk 0:08:53]} 33. Be8 {[%clk 0:42:24]} Bb7
{[%clk 0:07:28]} 34. a5 {[%clk 0:42:08]} Kf8 {[%clk 0:06:03]} 35. Bxf7
{[%clk 0:42:09]} Kxf7 {[%clk 0:06:29]} 36. a6 {[%clk 0:42:34]} Kf6
{[%clk 0:06:32]} 37. Rxb7 {[%clk 0:42:36]} Ra4 {[%clk 0:06:56]} 38. a7
{[%clk 0:42:35]} e5 {[%clk 0:07:09]} 39. fxe5+ {[%clk 0:42:07]} Kxe5
{[%clk 0:07:35]} 40. Kf2 {[%clk 0:42:18]} g5 {[%clk 0:07:36]} 41. Rh7
{[%clk 0:42:18]} h4 {[%clk 0:07:59]} 42. gxh4 {[%clk 0:42:34]} gxh4
{[%clk 0:08:26]} 43. e3 {[%clk 0:41:53]} Ra1 {[%clk 0:08:15]} 44. Kf3
{[%clk 0:41:42]} h3 {[%clk 0:08:06]} 45. Kg4 {[%clk 0:41:05]} Ra3
{[%clk 0:08:24]} 46. Kf3 {[%clk 0:40:50]} Ra1 {[%clk 0:08:47]} 47. Rxh3
{[%clk 0:41:10]} Rxa7 {[%clk 0:09:11]} 48. Rh5+ {[%clk 0:41:33]} Kf6
{[%clk 0:09:35]} 49. Kf4 {[%clk 0:39:03]} Ra1 {[%clk 0:09:10]} 50. Rh6+
{[%clk 0:38:45]} Kg7 {[%clk 0:09:35]} 51. Rh3 {[%clk 0:39:04]} Kf6
{[%clk 0:09:58]} 52. Rf3 {[%clk 0:38:42]} Ke6 {[%clk 0:10:22]} 53. h4
{[%clk 0:38:37]} Rh1 {[%clk 0:10:37]} 54. Kg5 {[%clk 0:38:41]} Rg1+
{[%clk 0:10:58]} 55. Kf4 {[%clk 0:38:26]} Rh1 {[%clk 0:10:51]} 56. Kg4
{[%clk 0:38:49]} Ke5 {[%clk 0:11:15]} 57. h5 {[%clk 0:38:41]} Ke4
{[%clk 0:11:25]} 58. Rg3 {[%clk 0:38:51]} Rh2 {[%clk 0:11:35]} 59. Kg5
{[%clk 0:39:16]} Rb2 {[%clk 0:11:31]} 60. h6 {[%clk 0:39:08]} 1-0

[Event "PMPJ 2022 - C17"]
[Site "Jastrzebia Gora"]
[Date "2022.11.06"]
[Round "1.9"]
[White "Jedrzejczak, Michal"]
[Black "Taranowicz, Michal"]
[Result "0-1"]
[BlackElo "1797"]
[WhiteElo "1503"]
[LiveChessVersion "1.4.8"]

1. e4 {[%clk 1:30:57]} c5 {[%clk 1:30:55]} 2. Nf3 {[%clk 1:31:21]} e6
{[%clk 1:31:21]} 3. d4 {[%clk 1:31:43]} cxd4 {[%clk 1:31:46]} 4. Nxd4
{[%clk 1:32:09]} Nf6 {[%clk 1:32:11]} 5. Nc3 {[%clk 1:32:16]} Nc6
{[%clk 1:32:31]} 6. Bg5 {[%clk 1:27:15]} Be7 {[%clk 1:30:09]} 7. Bc4
{[%clk 1:08:08]} O-O {[%clk 1:27:18]} 8. O-O {[%clk 1:05:36]} Nxe4
{[%clk 1:24:31]} 9. Nxc6 {[%clk 1:03:15]} bxc6 {[%clk 1:24:32]} 10. Bxe7
{[%clk 1:02:21]} Qxe7 {[%clk 1:18:47]} 11. Nxe4 {[%clk 1:02:39]} d5
{[%clk 1:19:13]} 12. Bd3 {[%clk 1:00:54]} dxe4 {[%clk 1:19:37]} 13. Bxe4
{[%clk 1:01:23]} Ba6 {[%clk 1:16:11]} 14. Re1 {[%clk 0:56:19]} Qb4
{[%clk 1:08:54]} 15. Qh5 {[%clk 0:46:56]} g6 {[%clk 1:07:59]} 16. Qe5
{[%clk 0:47:20]} Rad8 {[%clk 0:59:55]} 17. Rad1 {[%clk 0:44:00]} Be2
{[%clk 0:59:31]} 18. Rb1 {[%clk 0:42:49]} Bc4 {[%clk 0:59:01]} 19. b3
{[%clk 0:39:20]} Bd5 {[%clk 0:57:46]} 20. Bd3 {[%clk 0:29:14]} c5
{[%clk 0:43:55]} 21. a3 {[%clk 0:19:36]} Qxa3 {[%clk 0:37:44]} 22. Ra1
{[%clk 0:19:57]} Qb4 {[%clk 0:38:09]} 23. Rxa7 {[%clk 0:16:22]} Bxb3
{[%clk 0:37:48]} 24. Bxg6 {[%clk 0:06:27]} hxg6 {[%clk 0:38:11]} 25. cxb3
{[%clk 0:06:52]} Rd5 {[%clk 0:37:02]} 26. Qe3 {[%clk 0:06:02]} Rfd8
{[%clk 0:35:52]} 27. h3 {[%clk 0:00:31]} Rd3 {[%clk 0:34:53]} 28. Qe4
{[%clk 0:00:56]} Qxb3 {[%clk 0:25:58]} 29. Rb7 {[%clk 0:00:32]} Qd5
{[%clk 0:22:39]} 30. Rc7 {[%clk 0:00:39]} Rd1 {[%clk 0:22:11]} 31. Rxd1
{[%clk 0:00:52]} Qxd1+ {[%clk 0:22:35]} 32. Kh2 {[%clk 0:01:20]} Qd6+
{[%clk 0:22:59]} 0-1

[Event "PMPJ 2022 - C17"]
[Site "Jastrzebia Gora"]
[Date "2022.11.06"]
[Round "1.10"]
[White "Karut, Kacper"]
[Black "Witkowski, Jedrzej"]
[Result "1-0"]
[BlackElo "1463"]
[WhiteElo "1794"]
[LiveChessVersion "1.4.8"]

1. e4 {[%clk 1:30:58]} c5 {[%clk 1:30:55]} 2. Nf3 {[%clk 1:31:23]} g6
{[%clk 1:31:22]} 3. d4 {[%clk 1:31:47]} cxd4 {[%clk 1:31:48]} 4. Nxd4
{[%clk 1:32:13]} Nc6 {[%clk 1:32:12]} 5. c4 {[%clk 1:31:50]} Nf6 {[%clk 1:32:37]}
6. Nc3 {[%clk 1:32:13]} d6 {[%clk 1:33:01]} 7. Be2 {[%clk 1:31:20]} Nxd4
{[%clk 1:33:16]} 8. Qxd4 {[%clk 1:31:23]} Bg7 {[%clk 1:33:40]} 9. Be3
{[%clk 1:31:00]} O-O {[%clk 1:34:01]} 10. Qd2 {[%clk 1:30:40]} a5
{[%clk 1:33:55]} 11. O-O {[%clk 1:24:13]} a4 {[%clk 1:34:03]} 12. Bd4
{[%clk 1:21:57]} Qa5 {[%clk 1:32:07]} 13. Rad1 {[%clk 1:20:48]} Be6
{[%clk 1:29:36]} 14. f3 {[%clk 1:07:25]} Rfc8 {[%clk 1:28:01]} 15. Nd5
{[%clk 1:00:29]} Qxd2 {[%clk 1:14:10]} 16. Rxd2 {[%clk 0:58:40]} Nxd5
{[%clk 1:12:44]} 17. exd5 {[%clk 0:58:17]} Bxd4+ {[%clk 1:11:36]} 18. Rxd4
{[%clk 0:58:41]} Bd7 {[%clk 1:11:43]} 19. Bd3 {[%clk 0:51:12]} b5
{[%clk 1:00:39]} 20. cxb5 {[%clk 0:46:14]} Rc5 {[%clk 1:00:47]} 21. Rb4
{[%clk 0:40:25]} Rb8 {[%clk 0:50:19]} 22. Rxa4 {[%clk 0:37:01]} Rxd5
{[%clk 0:49:36]} 23. Bc4 {[%clk 0:31:36]} Rc5 {[%clk 0:47:31]} 24. Rb4
{[%clk 0:28:31]} d5 {[%clk 0:41:27]} 25. Bd3 {[%clk 0:28:13]} e5 {[%clk 0:39:28]}
26. Re1 {[%clk 0:26:39]} f6 {[%clk 0:39:15]} 27. a4 {[%clk 0:25:32]} Bf5
{[%clk 0:35:59]} 28. Bf1 {[%clk 0:22:14]} Bc8 {[%clk 0:24:54]} 29. a5
{[%clk 0:18:46]} Ba6 {[%clk 0:24:05]} 30. Ra1 {[%clk 0:18:39]} d4
{[%clk 0:22:09]} 31. Rb3 {[%clk 0:17:31]} f5 {[%clk 0:20:57]} 32. bxa6
{[%clk 0:17:23]} Rxb3 {[%clk 0:21:13]} 33. a7 1-0

[Event "PMPJ 2022 - C17"]
[Site "Jastrzebia Gora"]
[Date "2022.11.06"]
[Round "1.11"]
[White "Grzechowiak, Kacper"]
[Black "Kaczmarek, Jan"]
[Result "1/2-1/2"]
[BlackElo "1786"]
[WhiteElo "1448"]
[LiveChessVersion "1.4.8"]

1. e4 {[%clk 1:30:56]} c5 {[%clk 1:30:51]} 2. c3 {[%clk 1:31:22]} Nf6
{[%clk 1:31:06]} 3. e5 {[%clk 1:31:40]} Nd5 {[%clk 1:31:17]} 4. d4
{[%clk 1:31:24]} e6 {[%clk 1:28:57]} 5. Nf3 {[%clk 1:27:12]} d6 {[%clk 1:28:11]}
6. Be2 {[%clk 1:18:01]} Be7 {[%clk 1:25:37]} 7. O-O {[%clk 1:17:36]} cxd4
{[%clk 1:18:16]} 8. cxd4 {[%clk 1:17:13]} O-O {[%clk 1:18:01]} 9. Nc3
{[%clk 1:13:42]} Nxc3 {[%clk 1:15:20]} 10. bxc3 {[%clk 1:13:31]} Qc7
{[%clk 1:05:15]} 11. Bf4 {[%clk 1:04:03]} dxe5 {[%clk 0:55:53]} 12. Bxe5
{[%clk 1:04:20]} Qxc3 {[%clk 0:55:33]} 13. d5 {[%clk 1:03:48]} Qa3
{[%clk 0:52:33]} 14. d6 {[%clk 1:03:30]} Bf6 {[%clk 0:46:43]} 15. Bxf6
{[%clk 0:50:46]} gxf6 {[%clk 0:47:06]} 16. Qd4 {[%clk 0:36:21]} e5
{[%clk 0:38:36]} 17. Qh4 {[%clk 0:33:30]} Qxd6 {[%clk 0:36:04]} 18. Rad1
{[%clk 0:32:56]} Qe6 {[%clk 0:35:00]} 19. Bc4 {[%clk 0:28:30]} Qg4
{[%clk 0:29:52]} 20. Qxf6 {[%clk 0:23:51]} Qxc4 {[%clk 0:14:31]} 21. Qg5+
{[%clk 0:24:06]} Kh8 {[%clk 0:14:58]} 22. Qf6+ {[%clk 0:24:31]} Kg8
{[%clk 0:15:24]} 23. Qg5+ {[%clk 0:24:54]} Kh8 {[%clk 0:15:37]} 24. Qf6+
{[%clk 0:25:17]} Kg8 {[%clk 0:15:16]} 25. Qg5+ {[%clk 0:25:02]} Kh8
{[%clk 0:15:45]} 26. Qf6+ {[%clk 0:25:23]} Kg8 1/2-1/2

[Event "PMPJ 2022 - C17"]
[Site "Jastrzebia Gora"]
[Date "2022.11.06"]
[Round "1.12"]
[White "Kotowicz, Kamil"]
[Black "Ochalik, Filip"]
[Result "1-0"]
[BlackElo "1448"]
[WhiteElo "1775"]
[LiveChessVersion "1.4.8"]

1. d4 {[%clk 1:30:48]} Nf6 {[%clk 1:30:37]} 2. c4 {[%clk 1:31:09]} e6
{[%clk 1:30:58]} 3. Nf3 {[%clk 1:31:24]} d5 {[%clk 1:29:24]} 4. e3
{[%clk 1:29:20]} c6 {[%clk 1:28:17]} 5. b3 {[%clk 1:27:29]} Be7 {[%clk 1:26:40]}
6. Bd3 {[%clk 1:27:13]} b6 {[%clk 1:24:47]} 7. Nbd2 {[%clk 1:26:15]} Bb7
{[%clk 1:24:36]} 8. O-O {[%clk 1:25:55]} O-O {[%clk 1:21:40]} 9. Ne5
{[%clk 1:25:33]} c5 {[%clk 1:17:58]} 10. Bb2 {[%clk 1:23:57]} Nc6
{[%clk 1:14:49]} 11. Nxc6 {[%clk 1:22:04]} Bxc6 {[%clk 1:14:41]} 12. Qe2
{[%clk 1:20:06]} Ne4 {[%clk 1:02:26]} 13. dxc5 {[%clk 1:12:43]} Nxc5
{[%clk 1:01:29]} 14. Bc2 {[%clk 1:10:07]} Bf6 {[%clk 0:56:57]} 15. Bxf6
{[%clk 1:07:34]} Qxf6 {[%clk 0:57:14]} 16. b4 {[%clk 1:05:22]} Ne4
{[%clk 0:48:08]} 17. Nxe4 {[%clk 1:02:09]} dxe4 {[%clk 0:48:04]} 18. Rab1
{[%clk 0:50:13]} Rfd8 {[%clk 0:38:49]} 19. Qg4 {[%clk 0:40:28]} Rd2
{[%clk 0:15:47]} 20. Bxe4 {[%clk 0:36:54]} h5 {[%clk 0:15:24]} 21. Qf3
{[%clk 0:37:21]} Bxe4 {[%clk 0:14:00]} 22. Qxe4 {[%clk 0:37:47]} Rc8
{[%clk 0:13:59]} 23. a3 {[%clk 0:25:16]} Qc3 {[%clk 0:09:27]} 24. Rfc1
{[%clk 0:23:18]} Qxa3 {[%clk 0:08:38]} 25. h3 {[%clk 0:16:07]} Rb2
{[%clk 0:06:36]} 26. Ra1 {[%clk 0:12:43]} Qxb4 {[%clk 0:05:32]} 27. Rxa7
{[%clk 0:12:38]} Qd2 {[%clk 0:05:51]} 28. Rf1 {[%clk 0:12:59]} Rb4
{[%clk 0:04:39]} 29. Qf3 {[%clk 0:10:55]} Rf8 {[%clk 0:03:35]} 30. Rd1
{[%clk 0:10:11]} Qc3 {[%clk 0:03:47]} 31. Rxf7 {[%clk 0:10:08]} Rc8
{[%clk 0:00:54]} 32. Rfd7 {[%clk 0:04:43]} Qe5 {[%clk 0:00:44]} 33. Qf7+
{[%clk 0:02:12]} Kh7 {[%clk 0:01:03]} 34. f4 {[%clk 0:02:12]} Qxe3+
{[%clk 0:00:35]} 35. Kh2 {[%clk 0:02:00]} Qc3 {[%clk 0:00:33]} 36. Qxh5+
{[%clk 0:02:21]} Kg8 {[%clk 0:00:58]} 37. Rd8+ {[%clk 0:02:39]} 1-0

[Event "PMPJ 2022 - C17"]
[Site "Jastrzebia Gora"]
[Date "2022.11.06"]
[Round "1.13"]
[White "Haluja, Wiktor"]
[Black "Kossowski, Pawel"]
[Result "0-1"]
[BlackElo "1773"]
[WhiteElo "1435"]
[LiveChessVersion "1.4.8"]

1. e4 {[%clk 1:30:57]} e5 {[%clk 1:30:28]} 2. Nf3 {[%clk 1:31:22]} Nc6
{[%clk 1:30:46]} 3. Bb5 {[%clk 1:31:45]} a6 {[%clk 1:30:52]} 4. Ba4
{[%clk 1:32:10]} Nf6 {[%clk 1:30:11]} 5. d3 {[%clk 1:32:29]} b5 {[%clk 1:27:41]}
6. Bb3 Bc5 {[%clk 1:27:06]} 7. c3 {[%clk 1:32:45]} d6 {[%clk 1:25:19]} 8. h3
{[%clk 1:32:16]} h6 {[%clk 1:21:43]} 9. Nbd2 {[%clk 1:31:26]} O-O
{[%clk 1:20:31]} 10. O-O {[%clk 1:31:40]} Ba7 {[%clk 1:06:59]} 11. Re1
{[%clk 1:29:57]} Bd7 {[%clk 1:01:50]} 12. Nf1 {[%clk 1:27:09]} Nh5
{[%clk 0:59:19]} 13. Nxe5 {[%clk 1:08:11]} Nxe5 {[%clk 0:57:43]} 14. d4
{[%clk 1:05:28]} Qh4 {[%clk 0:49:42]} 15. Be3 {[%clk 0:32:48]} Ng6
{[%clk 0:44:40]} 16. Qf3 {[%clk 0:25:38]} Rae8 {[%clk 0:36:44]} 17. Nh2
{[%clk 0:17:57]} Nf6 {[%clk 0:28:40]} 18. Bc2 {[%clk 0:14:00]} Re7
{[%clk 0:26:44]} 19. g4 {[%clk 0:12:39]} Rfe8 20. Bd2 {[%clk 0:12:39]} h5
{[%clk 0:23:54]} 21. e5 {[%clk 0:05:46]} hxg4 {[%clk 0:23:54]} 22. Qb7
{[%clk 0:04:22]} g3 {[%clk 0:12:09]} 23. fxg3 {[%clk 0:03:08]} Qxg3+
{[%clk 0:12:33]} 24. Kh1 {[%clk 0:02:52]} dxe5 {[%clk 0:11:18]} 25. Rg1
{[%clk 0:02:18]} Qxh3 {[%clk 0:10:56]} 26. Bxg6 {[%clk 0:01:55]} fxg6
{[%clk 0:11:01]} 27. Rxg6 {[%clk 0:01:40]} Bf5 {[%clk 0:11:01]} 28. Rxf6
{[%clk 0:01:40]} gxf6 {[%clk 0:11:00]} 29. dxe5 {[%clk 0:01:04]} Rxe5
{[%clk 0:10:56]} 30. Rg1+ {[%clk 0:01:08]} Bxg1 {[%clk 0:11:20]} 0-1